Toutes les communes du canton de Saumur (49) - Statistiques

Statistiques générales
  • Ce quiz a été pris 44 fois
  • Le résultat moyen est 5 sur 11
Réponses sur la Carte
Les réponses sont colorées sur une échelle allant du rouge au vert en fonction du pourcentage des utilisateurs qui les ont devinées à leur premier essai. Vous pouvez retrouver ces pourcentages ci-dessous.
 
Statistiques - réponses
Commune % Correct
Saumur
100%
Distré
54%
Montsoreau
54%
Turquant
54%
Fontevraud-l'Abbaye
50%
Varrains
42%
Souzay-Champigny
38%
Parnay
33%
Rou-Marson
33%
Verrie
33%
Artannes-sur-Thouet
25%
Aucun quiz correspondant
Distribution des résultats
% des personnes avec chaque résultat
Percentile par nombre de réponses
Votre historique - résultats
Vous n’avez pas pris ce quiz